Wolfsburg Full Squads (2000-) - Statistics

General Stats
  • This quiz has been taken 152 times
  • The average score is 191 of 625
Answer Stats
Year # Pos/Country Answer % Correct
2015-2016 28 GK Koen Casteels
88%
2016-2017 28 GK Koen Casteels
88%
2017-2018 1 GK Koen Casteels
88%
2018-2019 1 GK Koen Casteels
88%
2019-2020 1 GK Koen Casteels
88%
2020-2021 1 GK Koen Casteels
88%
2021-2022 1 GK Koen Casteels
88%
2022-2023 1 GK Koen Casteels
88%
2023-2024 1 GK Koen Casteels
88%
2012-2013 27 MF Maximilian Arnold
81%
2013-2014 27 MF Maximilian Arnold
81%
2014-2015 27 MF Maximilian Arnold
81%
2015-2016 27 MF Maximilian Arnold
81%
2016-2017 27 MF Maximilian Arnold
81%
2017-2018 27 MF Maximilian Arnold
81%
2018-2019 27 MF Maximilian Arnold
81%
2019-2020 27 MF Maximilian Arnold
81%
2020-2021 27 MF Maximilian Arnold
81%
2021-2022 27 MF Maximilian Arnold
81%
2022-2023 27 MF Maximilian Arnold
81%
2023-2024 27 MF Maximilian Arnold
81%
2024-2025 27 MF Maximilian Arnold
81%
2007-2008 9 FW Edin Džeko
80%
2008-2009 9 FW Edin Džeko
80%
2009-2010 9 FW Edin Džeko
80%
2010-2011 9 FW Edin Džeko
80%
2013-2014 14 MF Kevin De Bruyne
78%
2014-2015 14 MF Kevin De Bruyne
78%
2015-2016 14 MF Kevin De Bruyne
78%
2007-2008 16 GK Diego Benaglio
73%
2008-2009 1 GK Diego Benaglio
73%
2009-2010 1 GK Diego Benaglio
73%
2010-2011 1 GK Diego Benaglio
73%
2011-2012 1 GK Diego Benaglio
73%
2012-2013 1 GK Diego Benaglio
73%
2013-2014 1 GK Diego Benaglio
73%
2014-2015 1 GK Diego Benaglio
73%
2015-2016 1 GK Diego Benaglio
73%
2016-2017 1 GK Diego Benaglio
73%
2007-2008 23 FW Grafite
68%
2008-2009 23 FW Grafite
68%
2009-2010 23 FW Grafite
68%
2010-2011 23 FW Grafite
68%
2011-2012 34 DF Ricardo Rodríguez
66%
2012-2013 34 DF Ricardo Rodríguez
66%
2013-2014 34 DF Ricardo Rodríguez
66%
2014-2015 34 DF Ricardo Rodríguez
66%
2015-2016 34 DF Ricardo Rodríguez
66%
2016-2017 34 DF Ricardo Rodríguez
66%
2024-2025 1 GK Kamil Grabara
65%
2012-2013 12 FW Bas Dost
64%
2013-2014 12 FW Bas Dost
64%
2014-2015 12 FW Bas Dost
64%
2015-2016 12 FW Bas Dost
64%
2012-2013 9 FW Ivan Perišić
64%
2013-2014 9 FW Ivan Perišić
64%
2014-2015 9 FW Ivan Perišić
64%
2015-2016 9 FW Ivan Perišić
64%
2012-2013 25 DF Naldo
64%
2013-2014 25 DF Naldo
64%
2014-2015 25 DF Naldo
64%
2015-2016 25 DF Naldo
64%
2021-2022 23 FW Jonas Wind
62%
2022-2023 23 FW Jonas Wind
62%
2023-2024 23 FW Jonas Wind
62%
2024-2025 23 FW Jonas Wind
62%
2015-2016 10 FW Julian Draxler
61%
2016-2017 10 FW Julian Draxler
61%
2012-2013 11 FW Ivica Olic
58%
2013-2014 11 FW Ivica Olic
58%
2014-2015 11 FW Ivica Olic
58%
2018-2019 9 FW Wout Weghorst
58%
2019-2020 9 FW Wout Weghorst
58%
2020-2021 9 FW Wout Weghorst
58%
2021-2022 9 FW Wout Weghorst
58%
2020-2021 4 DF Maxence Lacroix
57%
2021-2022 4 DF Maxence Lacroix
57%
2022-2023 4 DF Maxence Lacroix
57%
2023-2024 4 DF Maxence Lacroix
57%
2014-2015 23 MF Josuha Guilavogui
55%
2015-2016 23 MF Josuha Guilavogui
55%
2016-2017 23 MF Josuha Guilavogui
55%
2017-2018 23 MF Josuha Guilavogui
55%
2018-2019 23 MF Josuha Guilavogui
55%
2019-2020 23 MF Josuha Guilavogui
55%
2020-2021 23 MF Josuha Guilavogui
55%
2021-2022 23 MF Josuha Guilavogui
55%
2022-2023 29 MF Josuha Guilavogui
55%
2013-2014 22 MF Luiz Gustavo
55%
2014-2015 22 MF Luiz Gustavo
55%
2015-2016 22 MF Luiz Gustavo
55%
2016-2017 22 MF Luiz Gustavo
55%
2023-2024 21 DF Joakim Maehle
54%
2024-2025 21 DF Joakim Maehle
54%
2010-2011 18 FW Mario Mandžukić
54%
2011-2012 18 FW Mario Mandžukić
54%
2013-2014 7 FW Daniel Caligiuri
51%
2014-2015 7 FW Daniel Caligiuri
51%
2015-2016 7 FW Daniel Caligiuri
51%
2016-2017 7 FW Daniel Caligiuri
51%
2019-2020 40 FW Victor Sá
51%
2020-2021 40 FW Victor Sá
51%
2008-2009 43 DF Andrea Barzagli
50%
2009-2010 43 DF Andrea Barzagli
50%
2010-2011 43 DF Andrea Barzagli
50%
2014-2015 17 FW André Schürrle
50%
2015-2016 17 FW André Schürrle
50%
2022-2023 16 FW Jakub Kaminski
50%
2023-2024 16 FW Jakub Kaminski
50%
2024-2025 16 FW Jakub Kaminski
50%
2017-2018 25 DF John Brooks
50%
2018-2019 25 DF John Brooks
50%
2019-2020 25 DF John Brooks
50%
2020-2021 25 DF John Brooks
50%
2021-2022 25 DF John Brooks
50%
2010-2011 28 MF Diego
49%
2012-2013 10 MF Diego
49%
2013-2014 10 MF Diego
49%
2011-2012 8 DF Vieirinha
49%
2012-2013 8 DF Vieirinha
49%
2013-2014 8 DF Vieirinha
49%
2014-2015 8 DF Vieirinha
49%
2015-2016 8 DF Vieirinha
49%
2016-2017 8 DF Vieirinha
49%
2014-2015 3 FW Nicklas Bendtner
47%
2015-2016 3 FW Nicklas Bendtner
47%
2022-2023 39 FW Patrick Wimmer
47%
2023-2024 39 FW Patrick Wimmer
47%
2024-2025 39 FW Patrick Wimmer
47%
2012-2013 31 DF Robin Knoche
47%
2013-2014 31 DF Robin Knoche
47%
2014-2015 31 DF Robin Knoche
47%
2015-2016 31 DF Robin Knoche
47%
2016-2017 31 DF Robin Knoche
47%
2017-2018 31 DF Robin Knoche
47%
2018-2019 31 DF Robin Knoche
47%
2019-2020 31 DF Robin Knoche
47%
2021-2022 3 DF Sebastiaan Bornauw
47%
2022-2023 3 DF Sebastiaan Bornauw
47%
2023-2024 3 DF Sebastiaan Bornauw
47%
2024-2025 3 DF Sebastiaan Bornauw
47%
2019-2020 22 FW Lukas Nmecha
46%
2021-2022 10 FW Lukas Nmecha
46%
2022-2023 10 FW Lukas Nmecha
46%
2023-2024 10 FW Lukas Nmecha
46%
2024-2025 10 FW Lukas Nmecha
46%
2007-2008 13 MF Makoto Hasebe
46%
2008-2009 13 MF Makoto Hasebe
46%
2009-2010 13 MF Makoto Hasebe
46%
2010-2011 13 MF Makoto Hasebe
46%
2011-2012 13 MF Makoto Hasebe
46%
2012-2013 13 MF Makoto Hasebe
46%
2021-2022 5 DF Micky van de Ven
46%
2022-2023 5 DF Micky van de Ven
46%
2024-2025 9 FW Mohamed Amoura
46%
2021-2022 22 MF Felix Nmecha
45%
2022-2023 22 MF Felix Nmecha
45%
2017-2018 21 FW Josip Brekalo
45%
2018-2019 7 FW Josip Brekalo
45%
2019-2020 7 FW Josip Brekalo
45%
2020-2021 7 FW Josip Brekalo
45%
2022-2023 14 FW Josip Brekalo
45%
2015-2016 11 FW Max Kruse
45%
2021-2022 9 FW Max Kruse
45%
2022-2023 9 FW Max Kruse
45%
2023-2024 19 MF Lovro Majer
43%
2024-2025 19 MF Lovro Majer
43%
2022-2023 32 MF Mattias Svanberg
43%
2023-2024 32 MF Mattias Svanberg
43%
2024-2025 32 MF Mattias Svanberg
43%
2023-2024 11 FW Tiago Tomás
43%
2024-2025 11 FW Tiago Tomás
43%
2024-2025 7 FW Andreas Skov Olsen
42%
2021-2022 8 MF Aster Vranckx
42%
2023-2024 6 MF Aster Vranckx
42%
2024-2025 6 MF Aster Vranckx
42%
2015-2016 18 DF Dante
42%
2019-2020 19 DF Kevin Mbabu
42%
2020-2021 19 DF Kevin Mbabu
42%
2021-2022 19 DF Kevin Mbabu
42%
2024-2025 29 GK Marius Müller
42%
2017-2018 22 FW Admir Mehmedi
41%
2018-2019 14 FW Admir Mehmedi
41%
2019-2020 14 FW Admir Mehmedi
41%
2020-2021 14 FW Admir Mehmedi
41%
2007-2008 24 FW Ashkan Dejagah
41%
2008-2009 24 FW Ashkan Dejagah
41%
2009-2010 24 FW Ashkan Dejagah
41%
2010-2011 24 FW Ashkan Dejagah
41%
2011-2012 24 FW Ashkan Dejagah
41%
2011-2012 15 MF Christian Träsch
41%
2012-2013 15 MF Christian Träsch
41%
2013-2014 15 MF Christian Träsch
41%
2014-2015 15 MF Christian Träsch
41%
2015-2016 15 MF Christian Träsch
41%
2016-2017 15 MF Christian Träsch
41%
2024-2025 18 DF Denis Vavro
41%
2018-2019 15 DF Jérôme Roussillon
41%
2019-2020 15 DF Jérôme Roussillon
41%
2020-2021 15 DF Jérôme Roussillon
41%
2021-2022 15 DF Jérôme Roussillon
41%
2007-2008 7 MF Josué
41%
2008-2009 7 MF Josué
41%
2009-2010 7 MF Josué
41%
2010-2011 7 MF Josué
41%
2011-2012 7 MF Josué
41%
2012-2013 7 MF Josué
41%
2007-2008 4 DF Marcel Schäfer
41%
2008-2009 4 DF Marcel Schäfer
41%
2009-2010 4 DF Marcel Schäfer
41%
2010-2011 4 DF Marcel Schäfer
41%
2011-2012 4 DF Marcel Schäfer
41%
2012-2013 4 DF Marcel Schäfer
41%
2013-2014 4 DF Marcel Schäfer
41%
2014-2015 4 DF Marcel Schäfer
41%
2015-2016 4 DF Marcel Schäfer
41%
2009-2010 35 GK Marwin Hitz
41%
2010-2011 35 GK Marwin Hitz
41%
2020-2021 20 DF Ridle Baku
41%
2021-2022 20 DF Ridle Baku
41%
2022-2023 20 DF Ridle Baku
41%
2023-2024 20 DF Ridle Baku
41%
2024-2025 20 DF Ridle Baku
41%
2000-2001 23 MF Sven Müller
41%
2001-2002 23 MF Sven Müller
41%
2002-2003 23 MF Sven Müller
41%
2003-2004 23 MF Sven Müller
41%
2016-2017 13 MF Yannick Gerhardt
41%
2017-2018 13 MF Yannick Gerhardt
41%
2018-2019 13 MF Yannick Gerhardt
41%
2019-2020 13 MF Yannick Gerhardt
41%
2020-2021 31 MF Yannick Gerhardt
41%
2021-2022 31 MF Yannick Gerhardt
41%
2022-2023 31 MF Yannick Gerhardt
41%
2023-2024 31 MF Yannick Gerhardt
41%
2024-2025 31 MF Yannick Gerhardt
41%
2001-2002 8 FW Diego Klimowicz
39%
2002-2003 9 FW Diego Klimowicz
39%
2003-2004 9 FW Diego Klimowicz
39%
2004-2005 9 FW Diego Klimowicz
39%
2005-2006 9 FW Diego Klimowicz
39%
2006-2007 9 FW Diego Klimowicz
39%
2019-2020 29 FW Omar Marmoush
39%
2020-2021 29 FW Omar Marmoush
39%
2022-2023 33 FW Omar Marmoush
39%
2016-2017 5 DF Jeffrey Bruma
38%
2017-2018 5 DF Jeffrey Bruma
38%
2019-2020 5 DF Jeffrey Bruma
38%
2020-2021 5 DF Jeffrey Bruma
38%
2022-2023 2 DF Kilian Fischer
36%
2023-2024 2 DF Kilian Fischer
36%
2024-2025 2 DF Kilian Fischer
36%
2024-2025 4 DF Konstantinos Koulierakis
36%
2016-2017 33 FW Mario Gómez
36%
2017-2018 33 FW Mario Gómez
36%
2019-2020 6 DF Paulo Otávio
36%
2020-2021 6 DF Paulo Otávio
36%
2021-2022 6 DF Paulo Otávio
36%
2022-2023 6 DF Paulo Otávio
36%
2018-2019 12 GK Pavao Pervan
36%
2019-2020 12 GK Pavao Pervan
36%
2020-2021 12 GK Pavao Pervan
36%
2021-2022 12 GK Pavao Pervan
36%
2022-2023 12 GK Pavao Pervan
36%
2023-2024 12 GK Pavao Pervan
36%
2020-2021 21 FW Bartosz Bialek
35%
2021-2022 21 FW Bartosz Bialek
35%
2016-2017 14 FW Jakub Blaszczykowski
35%
2017-2018 16 FW Jakub Blaszczykowski
35%
2018-2019 16 FW Jakub Blaszczykowski
35%
2003-2004 37 MF Karsten Fischer
35%
2004-2005 26 MF Karsten Fischer
35%
2005-2006 26 MF Karsten Fischer
35%
2022-2023 40 MF Kevin Paredes
35%
2023-2024 40 MF Kevin Paredes
35%
2007-2008 25 MF Christian Gentner
34%
2008-2009 25 MF Christian Gentner
34%
2009-2010 25 MF Christian Gentner
34%
2017-2018 14 FW Divock Origi
34%
2017-2018 18 FW Victor Osimhen
34%
2019-2020 24 MF Xaver Schlager
34%
2020-2021 24 MF Xaver Schlager
34%
2021-2022 24 MF Xaver Schlager
34%
2008-2009 10 MF Zvjezdan Misimovic
34%
2009-2010 10 MF Zvjezdan Misimovic
34%
2017-2018 8 FW Renato Steffen
32%
2018-2019 8 FW Renato Steffen
32%
2019-2020 8 FW Renato Steffen
32%
2020-2021 8 FW Renato Steffen
32%
2021-2022 11 FW Renato Steffen
32%
2006-2007 4 DF Alexander Madlung
31%
2007-2008 17 DF Alexander Madlung
31%
2008-2009 17 DF Alexander Madlung
31%
2009-2010 17 DF Alexander Madlung
31%
2010-2011 17 DF Alexander Madlung
31%
2011-2012 17 DF Alexander Madlung
31%
2012-2013 17 DF Alexander Madlung
31%
2010-2011 34 DF Simon Kjaer
31%
2011-2012 34 DF Simon Kjaer
31%
2012-2013 40 DF Simon Kjaer
31%
2013-2014 19 MF Junior Malanda
30%
2014-2015 19 MF Junior Malanda
30%
2024-2025 8 MF Salih Özcan
30%
2013-2014 5 DF Timm Klose
30%
2014-2015 5 DF Timm Klose
30%
2015-2016 5 DF Timm Klose
30%
2014-2015 10 MF Aaron Hunt
28%
2015-2016 10 MF Aaron Hunt
28%
2024-2025 24 MF Bence Dárdai
28%
2001-2002 21 FW Martin Petrov
28%
2002-2003 21 FW Martin Petrov
28%
2003-2004 21 FW Martin Petrov
28%
2004-2005 21 FW Martin Petrov
28%
2005-2006 21 FW Martin Petrov
28%
2007-2008 20 DF Sascha Riether
28%
2008-2009 20 DF Sascha Riether
28%
2009-2010 20 DF Sascha Riether
28%
2010-2011 20 DF Sascha Riether
28%
2003-2004 29 GK Simon Jentzsch
28%
2004-2005 1 GK Simon Jentzsch
28%
2005-2006 1 GK Simon Jentzsch
28%
2006-2007 1 GK Simon Jentzsch
28%
2007-2008 1 GK Simon Jentzsch
28%
2017-2018 2 DF William
28%
2018-2019 2 DF William
28%
2019-2020 2 DF William
28%
2016-2017 11 MF Daniel Didavi
27%
2017-2018 11 MF Daniel Didavi
27%
2007-2008 5 DF Ricardo Costa
27%
2008-2009 5 DF Ricardo Costa
27%
2009-2010 5 DF Ricardo Costa
27%
2016-2017 10 MF Yunus Mallı
26%
2017-2018 10 MF Yunus Mallı
26%
2018-2019 10 MF Yunus Mallı
26%
2020-2021 10 MF Yunus Mallı
26%
2003-2004 10 MF Andrés D'Alessandro
24%
2004-2005 10 MF Andrés D'Alessandro
24%
2005-2006 10 MF Andrés D'Alessandro
24%
2023-2024 25 DF Moritz Jenz
24%
2023-2024 13 DF Rogério
24%
2023-2024 5 DF Cédric Zesiger
23%
2024-2025 5 DF Cédric Zesiger
23%
2024-2025 5 DF Mads Roerslev
23%
2009-2010 16 MF Fabian Johnson
22%
2010-2011 16 MF Fabian Johnson
22%
2010-2011 5 MF Ja-cheol Koo
22%
2011-2012 5 MF Ja-cheol Koo
22%
2013-2014 18 MF Ja-cheol Koo
22%
2019-2020 22 DF Marin Pongračić
22%
2020-2021 34 DF Marin Pongračić
22%
2008-2009 19 DF Peter Pekarík
22%
2009-2010 19 DF Peter Pekarík
22%
2010-2011 19 DF Peter Pekarík
22%
2014-2015 24 DF Sebastian Jung
22%
2015-2016 24 DF Sebastian Jung
22%
2016-2017 24 DF Sebastian Jung
22%
2018-2019 24 DF Sebastian Jung
22%
2023-2024 7 FW Vaclav Cerny
22%
2010-2011 29 MF Jan Polák
20%
2011-2012 29 MF Jan Polák
20%
2012-2013 29 MF Jan Polák
20%
2013-2014 29 MF Jan Polák
20%
2017-2018 9 FW Landry Dimata
20%
2022-2023 8 DF Nicolas Cozza
20%
2023-2024 8 DF Nicolas Cozza
20%
2017-2018 3 DF Paul Verhaegh
20%
2018-2019 3 DF Paul Verhaegh
20%
2008-2009 2 DF Cristian Zaccardo
19%
2017-2018 4 MF Ignacio Camacho
19%
2018-2019 4 MF Ignacio Camacho
19%
2023-2024 17 FW Kevin Behrens
19%
2012-2013 6 MF Slobodan Medojevic
19%
2013-2014 6 MF Slobodan Medojevic
19%
2014-2015 6 MF Slobodan Medojevic
19%
2011-2012 16 DF Sotiris Kyrgiakos
19%
2012-2013 16 DF Sotiris Kyrgiakos
19%
2021-2022 28 FW Dodi Lukébakio
18%
2011-2012 23 DF Marco Russ
18%
2005-2006 11 FW Mike Hanke
18%
2006-2007 11 FW Mike Hanke
18%
2018-2019 33 FW Daniel Ginczek
16%
2019-2020 33 FW Daniel Ginczek
16%
2020-2021 33 FW Daniel Ginczek
16%
2006-2007 10 MF Jacek Krzynowek
16%
2007-2008 10 MF Jacek Krzynowek
16%
2008-2009 18 MF Jacek Krzynowek
16%
2013-2014 20 GK Max Grün
16%
2014-2015 20 GK Max Grün
16%
2011-2012 20 MF Petr Jiracek
16%
2004-2005 30 GK André Lenz
15%
2006-2007 12 GK André Lenz
15%
2007-2008 12 GK André Lenz
15%
2008-2009 12 GK André Lenz
15%
2009-2010 12 GK André Lenz
15%
2000-2001 14 MF Dorinel Munteanu
15%
2001-2002 14 MF Dorinel Munteanu
15%
2002-2003 8 MF Dorinel Munteanu
15%
2003-2004 8 MF Dorinel Munteanu
15%
2017-2018 29 DF Marcel Tisserand
15%
2018-2019 32 DF Marcel Tisserand
15%
2019-2020 32 DF Marcel Tisserand
15%
2020-2021 17 FW Maximilian Philipp
15%
2021-2022 17 FW Maximilian Philipp
15%
2022-2023 17 FW Maximilian Philipp
15%
2002-2003 2 MF Pablo Thiam
15%
2003-2004 6 MF Pablo Thiam
15%
2004-2005 6 MF Pablo Thiam
15%
2005-2006 6 MF Pablo Thiam
15%
2006-2007 27 MF Pablo Thiam
15%
2007-2008 27 MF Pablo Thiam
15%
2010-2011 33 FW Patrick Helmes
15%
2011-2012 33 FW Patrick Helmes
15%
2012-2013 33 FW Patrick Helmes
15%
2007-2008 19 MF Vlad Munteanu
15%
2011-2012 25 DF Chris
14%
2024-2025 33 DF David Odogu
14%
2018-2019 37 MF Elvis Rexhbecaj
14%
2019-2020 37 MF Elvis Rexhbecaj
14%
2017-2018 17 DF Felix Uduokhai
14%
2018-2019 17 DF Felix Uduokhai
14%
2001-2002 31 DF Hans Sarpei
14%
2002-2003 31 DF Hans Sarpei
14%
2003-2004 31 DF Hans Sarpei
14%
2004-2005 31 DF Hans Sarpei
14%
2005-2006 31 DF Hans Sarpei
14%
2006-2007 15 DF Hans Sarpei
14%
2007-2008 6 DF Jan Simunek
14%
2008-2009 6 DF Jan Simunek
14%
2009-2010 6 DF Jan Simunek
14%
2001-2002 27 MF Miroslav Karhan
14%
2002-2003 27 MF Miroslav Karhan
14%
2003-2004 27 MF Miroslav Karhan
14%
2004-2005 27 MF Miroslav Karhan
14%
2005-2006 27 MF Miroslav Karhan
14%
2006-2007 20 MF Miroslav Karhan
14%
2009-2010 11 FW Obafemi Martins
14%
2011-2012 2 DF Patrick Ochs
14%
2013-2014 2 DF Patrick Ochs
14%
2014-2015 30 MF Paul Seguin
14%
2015-2016 30 MF Paul Seguin
14%
2016-2017 30 MF Paul Seguin
14%
2004-2005 41 MF Cédric Makiadi
12%
2005-2006 15 MF Cédric Makiadi
12%
2006-2007 18 MF Cédric Makiadi
12%
2011-2012 11 MF Hasan Salihamidzic
12%
2014-2015 21 GK Patrick Drewes
12%
2000-2001 7 DF Patrick Weiser
12%
2001-2002 7 DF Patrick Weiser
12%
2002-2003 7 DF Patrick Weiser
12%
2003-2004 7 DF Patrick Weiser
12%
2004-2005 7 DF Patrick Weiser
12%
2005-2006 7 DF Patrick Weiser
12%
2007-2008 29 FW Sergiu Radu
12%
2002-2003 10 MF Stefan Effenberg
12%
2000-2001 11 FW Tomislav Maric
12%
2001-2002 11 FW Tomislav Maric
12%
2002-2003 11 FW Tomislav Maric
12%
2004-2005 11 FW Tomislav Maric
12%
2016-2017 17 FW Borja Mayoral
11%
2006-2007 14 MF Jonathan Santana
11%
2007-2008 14 MF Jonathan Santana
11%
2008-2009 14 MF Jonathan Santana
11%
2009-2010 14 MF Jonathan Santana
11%
2000-2001 10 MF Krzysztof Nowak
11%
2016-2017 2 DF Philipp Wollscheid
11%
2005-2006 19 DF Alex
9%
2006-2007 22 DF Alex
9%
2023-2024 9 FW Amin Sarr
9%
2000-2001 24 MF Charles Akonnor
9%
2001-2002 24 MF Charles Akonnor
9%
2002-2003 6 MF Charles Akonnor
9%
2007-2008 8 MF Daniel Baier
9%
2012-2013 5 DF Emanuel Pogatetz
9%
2011-2012 3 DF Felipe Lopes
9%
2009-2010 15 MF Karim Ziani
9%
2010-2011 15 MF Karim Ziani
9%
2004-2005 29 DF Kevin Hofland
9%
2005-2006 29 DF Kevin Hofland
9%
2006-2007 5 DF Kevin Hofland
9%
2021-2022 7 FW Luca Waldschmidt
9%
2022-2023 7 FW Luca Waldschmidt
9%
2001-2002 33 DF Maik Franz
9%
2002-2003 33 DF Maik Franz
9%
2003-2004 33 DF Maik Franz
9%
2004-2005 33 DF Maik Franz
9%
2005-2006 33 DF Maik Franz
9%
2000-2001 13 DF Marino Biliskov
9%
2001-2002 13 DF Marino Biliskov
9%
2002-2003 13 DF Marino Biliskov
9%
2003-2004 13 DF Marino Biliskov
9%
2004-2005 3 DF Marino Biliskov
9%
2016-2017 9 FW Paul-Georges Ntep
9%
2016-2017 6 DF Riechedly Bazoer
9%
2017-2018 6 DF Riechedly Bazoer
9%
2002-2003 22 FW Roy Präger
9%
2003-2004 22 FW Roy Präger
9%
2004-2005 34 FW Roy Präger
9%
2009-2010 8 MF Thomas Kahlenberg
9%
2010-2011 8 MF Thomas Kahlenberg
9%
2012-2013 38 MF Thomas Kahlenberg
9%
2008-2009 8 FW Yoshito Okubo
9%
2000-2001 9 FW Andrzej Juskowiak
8%
2001-2002 9 FW Andrzej Juskowiak
8%
2010-2011 3 DF Arne Friedrich
8%
2000-2001 1 GK Claus Reitmaier
8%
2001-2002 1 GK Claus Reitmaier
8%
2002-2003 1 GK Claus Reitmaier
8%
2001-2002 4 DF Dusan Petkovic
8%
2004-2005 18 DF Facundo Quiroga
8%
2005-2006 18 DF Facundo Quiroga
8%
2006-2007 2 DF Facundo Quiroga
8%
2007-2008 2 DF Facundo Quiroga
8%
2012-2013 32 DF Fagner
8%
2016-2017 21 DF Jannes Horn
8%
2000-2001 19 FW Jonathan Akpoborie
8%
2006-2007 32 MF Marcelinho Paraíba
8%
2007-2008 32 MF Marcelinho Paraíba
8%
2008-2009 32 MF Sebastian Schindzielorz
8%
2009-2010 32 MF Sebastian Schindzielorz
8%
2011-2012 9 FW Srdjan Lakic
8%
2012-2013 36 FW Srdjan Lakic
8%
2000-2001 25 DF Stefan Schnoor
8%
2001-2002 25 DF Stefan Schnoor
8%
2002-2003 5 DF Stefan Schnoor
8%
2003-2004 5 DF Stefan Schnoor
8%
2004-2005 5 DF Stefan Schnoor
8%
2005-2006 5 DF Stefan Schnoor
8%
2001-2002 15 DF Tobias Rau
8%
2002-2003 15 DF Tobias Rau
8%
2010-2011 14 MF Tolga Ciğerci
8%
2008-2009 27 FW Alexander Esswein
7%
2009-2010 27 FW Alexander Esswein
7%
2010-2011 11 MF Cícero
7%
2006-2007 13 FW Isaac Boakye
7%
2003-2004 36 FW Juan Carlos Menseguez
7%
2004-2005 36 FW Juan Carlos Menseguez
7%
2005-2006 36 FW Juan Carlos Menseguez
7%
2006-2007 7 FW Juan Carlos Menseguez
7%
2000-2001 8 MF Martin Wagner
7%
2002-2003 12 GK Sead Ramovic
7%
2003-2004 12 GK Sead Ramovic
7%
2004-2005 13 FW Thomas Brdaric
7%
2000-2001 28 MF Benjamin Siegert
5%
2011-2012 36 DF Bjarne Thoelke
5%
2015-2016 16 FW Bruno Henrique
5%
2016-2017 16 FW Bruno Henrique
5%
2008-2009 11 FW Caiuby
5%
2000-2001 6 DF Claus Thomsen
5%
2018-2019 11 MF Felix Klaus
5%
2019-2020 11 MF Felix Klaus
5%
2020-2021 11 MF Felix Klaus
5%
2003-2004 17 FW Fernando Baiano
5%
2013-2014 17 FW Giovanni Sio
5%
2000-2001 31 FW Joshua Kennedy
5%
2001-2002 32 FW Joshua Kennedy
5%
2002-2003 4 DF Kim Madsen
5%
2017-2018 35 DF Luca Itter
5%
2018-2019 35 DF Luca Itter
5%
2003-2004 14 FW Marko Topic
5%
2004-2005 14 FW Marko Topic
5%
2001-2002 2 MF Michael Madsen
5%
2003-2004 20 DF Mirko Hrgovic
5%
2004-2005 20 DF Mirko Hrgovic
5%
2002-2003 20 DF Pablo Quattrocchi
5%
2003-2004 2 DF Pablo Quattrocchi
5%
2002-2003 14 FW Peter Madsen
5%
2005-2006 3 DF Peter Van der Heyden
5%
2006-2007 3 DF Peter Van der Heyden
5%
2011-2012 19 FW Rasmus Jönsson
5%
2005-2006 20 FW Rick Hoogendorp
5%
2006-2007 19 FW Rick Hoogendorp
5%
2001-2002 26 MF Robson Ponté
5%
2002-2003 26 MF Robson Ponté
5%
2013-2014 30 FW Stefan Kutschke
5%
2005-2006 21 FW Steve Marlet
5%
2001-2002 19 DF Thomas Rytter
5%
2002-2003 19 DF Thomas Rytter
5%
2003-2004 19 DF Thomas Rytter
5%
2004-2005 2 DF Thomas Rytter
5%
2003-2004 3 DF Waldo Ponce
5%
2000-2001 26 DF Zoltan Sebescen
5%
2003-2004 18 FW Albert Streit
4%
2000-2001 15 MF Andreas Voss
4%
2005-2006 22 DF Bojan Neziri
4%
2000-2001 5 DF Brian O'Neil
4%
2003-2004 39 MF Christian Ritter
4%
2005-2006 32 DF Christopher Lamprecht
4%
2006-2007 17 DF Christopher Lamprecht
4%
2000-2001 18 MF Dietmar Kühbauer
4%
2001-2002 18 MF Dietmar Kühbauer
4%
2010-2011 25 FW Dieumerci Mbokani
4%
2000-2001 5 DF Emeka Ifejiagwa
4%
2012-2013 37 MF Ferhan Hasani
4%
2000-2001 3 MF Frank Greiner
4%
2001-2002 3 MF Frank Greiner
4%
2002-2003 3 MF Frank Greiner
4%
2001-2002 16 DF Gernot Plassnegger
4%
2000-2001 17 FW Jürgen Rische
4%
2001-2002 17 FW Jürgen Rische
4%
2006-2007 28 FW Kamani Hill
4%
2005-2006 17 MF Levan Tskitishvili
4%
2008-2009 16 FW Mahir Saglik
4%
2000-2001 33 DF Marcel Maltritz
4%
2004-2005 8 MF Marian Hristov
4%
2005-2006 8 MF Marian Hristov
4%
2006-2007 8 MF Marian Hristov
4%
2002-2003 32 FW Michal Janicki
4%
2004-2005 16 MF Oscar Ahumada
4%
2017-2018 39 DF Paul Jaeckel
4%
2009-2010 5 DF Réver
4%
2008-2009 3 DF Rodrigo Alvim
4%
2011-2012 40 FW Sebastian Polter
4%
2000-2001 28 DF Thomas Hengen
4%
2005-2006 14 MF Tom van der Leegte
4%
2006-2007 6 MF Tom van der Leegte
4%
2006-2007 16 DF Uwe Möhrle
4%
2000-2001 12 DF Waldemar Kryger
4%
2001-2002 12 DF Waldemar Kryger
4%
2007-2008 11 MF Alexander Laas
3%
2022-2023 38 MF Bartol Franjic
3%
2007-2008 40 FW Danijel Ljuboja
3%
2018-2019 29 MF John Yeboah
3%
2006-2007 23 DF Michael Stegmayer
3%
2007-2008 37 DF Sergey Karimov
3%
2013-2014 32 MF Willi Evseev
3%
No matching quizzes found
Score Distribution
Percent of People with Each Score
Percentile by Number Answered
Your Score History
You have not taken this quiz